Qué es esa cosa llamada ciencia?

Guardat en:
Dades bibliogràfiques
Autor principal: Chalmers, Alan F (Autor)
Format: Llibre
Idioma:espanyol
Publicat: Madrid Siglo XXI 2000
Edició:3a. ed
Matèries:
Etiquetes: Afegir etiqueta
Sense etiquetes, Sigues el primer a etiquetar aquest registre!

MARC

LEADER 00000cam a2200000 a 4500
001 UCK2113
003 CL-VaPUC
008 041217e20000000SP |||||||||||||||||spa|d
020 |a 8432304263 
082 0 4 |a 501  |b CHA  |2 21 
100 0 |a Chalmers, Alan F  |e author  |9 489953 
245 1 0 |a Qué es esa cosa llamada ciencia? 
250 |a 3a. ed 
300 |a 247 p 
942 |c BK 
945 |d 20041217 00:00:00  |a cmena 
260 |a Madrid  |b Siglo XXI  |c 2000 
650 0 |a Filosofía de las ciencias  |9 256466 
650 0 |a Teoría del conocimiento   |9 255038 
650 0 |a Métodos de investigación   |9 262618 
583 |a last modification  |c 20160512 03:36:51  |k Rodrigo Vera 
999 |c 311772  |d 311770 
952 |0 0  |1 0  |4 0  |6 501_000000000000000_CHA_2000  |7 0  |8 A  |9 381399  |a BIBCUR  |b BIBCUR  |d 2019-11-21  |i 4086554  |o 501 CHA 2000  |p 4086554  |r 2025-04-22  |w 2019-11-21  |y BK  |k BCB 
952 |0 0  |1 0  |3 erb  |4 0  |6 501_000000000000000_CHA_2000  |7 0  |8 A  |9 381400  |a BIBGIM  |b BIBGIM  |i 5286786  |o 501 CHA 2000  |p 5286786  |r 2025-01-15  |w 2019-11-21  |y BK  |z Catalogado en:20160512  |k SSL